00484nam a2200193 a 4500001001300000003000900013005001700022008004100039020002300080082001300103100001700116245001500133260004300148300000900191500003500200505001500235650002300250700001700273nice12345678IN_TiNIC20260116014917.0050524s2000 lona grp 000 0 eng  a0003783 c20000a423bKIN aKing, Graham aWord Check aLondon bCollins Religious Pub. c2000 a231p aincludes index and biblioraphy2 aXerox Copy aDictionary-English1 aKing, Graham